When Did They Die Within Five Years - Statistics

General Stats
  • This quiz has been taken 39,296 times
  • The average score is 9 of 20
Answer Stats
Person Year % Correct
Queen Elizabeth II 2022
97%
Michael Jackson 2009
88%
Tupac Shakur 1996
75%
John F. Kennedy 1963
71%
Princess Diana 1997
65%
Franklin D. Roosevelt 1945
55%
Kobe Bryant 2020
49%
Elvis Presley 1977
43%
Heath Ledger 2008
41%
John Lennon 1980
37%
Steve Irwin 2006
37%
Prince 2016
37%
Amy Winehouse 2011
33%
Kurt Cobain 1994
31%
Carrie Fisher 2016
30%
James Dean 1955
28%
Pope John Paul II 2005
27%
Albert Einstein 1955
23%
Marilyn Monroe 1962
22%
Winston Churchill 1965
21%
No matching quizzes found
Score Distribution
Percent of People with Each Score
Percentile by Number Answered
Your Score History
You have not taken this quiz